Resistencia al flujo de aire producido por el café (Coffea Arabica) pergamino y oro
Sparad:
| Huvudupphovsman: | |
|---|---|
| Materialtyp: | Bok |
| Publicerad: |
San José, C.R.
1997
|
| Ämnen: | |
| Taggar: |
Lägg till en tagg
Inga taggar, Lägg till första taggen!
|
MARC
| LEADER | 00000nam a2200000Ia 4500 | ||
|---|---|---|---|
| 003 | 008406 | ||
| 005 | 20221231144225.0 | ||
| 008 | 140114s1997 cr a m 000 ||s d | ||
| 040 | |c cru CEDI | ||
| 090 | |a TFG 3809 | ||
| 100 | |a Orozco Solano, Allan |9 9127 | ||
| 245 | |a Resistencia al flujo de aire producido por el café (Coffea Arabica) pergamino y oro | ||
| 260 | |c 1997 |a San José, C.R. | ||
| 300 | |a 103, [46] hojas : ilustraciones | ||
| 500 | |a Tesis (licenciatura en ingeniería agrícola)--Universidad de Costa Rica. Facultad de Ingeniería. Escuela de Ingeniería Agrícola | ||
| 650 | |x CAFE - INDUSTRIA Y COMERCIO - COSTA RICA |x CAFE - SECADO |9 9129 | ||
| 942 | |c TFG | ||
| 999 | |c 18683 |d 18683 | ||
